| 000 | 00696nam a2200217Ii 4500 | ||
|---|---|---|---|
| 003 | JO-AjNU | ||
| 008 | 230606s9999||||xx |||||||||||||| ||und|| | ||
| 020 | _a978-1-4744-6124-5 | ||
| 040 |
_aJO-AjNU _beng _erda _cJO-AjNU |
||
| 041 | _aeng | ||
| 050 | 1 | 4 | _aDS62.8 2020 |
| 100 | 3 |
_aMohamed,yehia A, Elisabth Kendall, _eauthor _96178 |
|
| 245 | 0 | 0 | _aDiplomacy Arabic: Essential Middle Eastern Vocabularies |
| 264 | 3 | 1 | _aBritain:Edinburgh university press,2020 |
| 300 | _a96p | ||
| 336 |
_atext _btxt _2rdacontent |
||
| 337 |
_aunmediated _bn _2rdamedia |
||
| 338 |
_avolume _bnc _2rdacarrier |
||
| 490 | 0 | _aEssential Middle Eastern Vocabularies | |
| 650 | 4 |
_aDiplomatic service & Protocol _96179 |
|
| 999 |
_aE3206 _c3202 _d3202 |
||